[Event "Pardubice Open A"]
[Site "?"]
[Date "2015.07.28"]
[Round "5.8"]
[White "KONONENKO, Dmitry"]
[Black "WESTERBERG, Jonathan"]
[Result "1-0"]
[WhiteElo "2617"]
[BlackElo "2452"]
[PlyCount "93"]
[EventDate "2015.??.??"]
[WhiteClock "0:17:14"]
[BlackClock "0:11:36"]

1. e4 c5 2. Nf3 Nc6 3. d4 cxd4 4. Nxd4 Nf6 5. Nc3 e6 6. Ndb5 Bb4 7. Bf4 Nxe4 8.
Qf3 d5 9. Nc7+ Kf8 10. Nxa8 e5 11. Bd2 Nxd2 12. Qxd5 Nxf1 13. Qxd8+ Nxd8 14.
O-O-O Nc6 15. Nd5 Bd2+ 16. Kb1 Nxh2 17. Rxd2 Ng4 18. Nac7 Bf5 19. Nb5 Bg6 20.
Rh4 Nf6 21. Nb4 Ne4 22. Rd7 Bf5 23. Rxb7 g5 24. Nxc6 gxh4 25. Nxe5 Be6 26. f3
Nd2+ 27. Kc1 Nf1 28. Nd4 Ne3 29. Nxe6+ fxe6 30. Rf7+ Ke8 31. Rxa7 Rf8 32. Rxh7
Nxg2 33. a4 Rf5 34. Rh8+ Ke7 35. Ng6+ Kd6 36. Nxh4 Nxh4 37. Rxh4 Rxf3 38. b4 e5
39. Kd2 Ra3 40. a5 Kd5 41. c4+ Kc6 42. a6 Kb6 43. Rh6+ Ka7 44. Re6 Ra4 45. Kc3
Ra3+ 46. Kc2 Rxa6 47. Rxa6+ 1-0

[Event "Pardubice Open A"]
[Site "?"]
[Date "2015.07.28"]
[Round "5.9"]
[White "SUNDARARAJAN, Kidambi"]
[Black "PIORUN, Kacper"]
[Result "1/2-1/2"]
[WhiteElo "2433"]
[BlackElo "2591"]
[PlyCount "86"]
[EventDate "2015.??.??"]
[WhiteClock "0:26:11"]
[BlackClock "0:32:02"]

1. d4 g6 2. c4 Bg7 3. Nf3 d6 4. Nc3 e5 5. dxe5 dxe5 6. Qxd8+ Kxd8 7. Bd2 Be6 8.
O-O-O Nd7 9. e3 f6 10. Be2 Nh6 11. h3 Nf7 12. Ne4 a5 13. Bc3 Ke7 14. g4 Nd6 15.
Nfd2 f5 16. gxf5 gxf5 17. Rhg1 Rhg8 18. Ng5 Nc5 19. Nxe6 Kxe6 20. Nb3 Nxb3+ 21.
axb3 b6 22. Rg2 Bf6 23. Rxg8 Rxg8 24. c5 bxc5 25. Bxa5 Rg2 26. Bxc7 Be7 27.
Bxd6 Bxd6 28. Rd2 Rh2 29. Ba6 Be7 30. Bc8+ Kf6 31. Kc2 Rxh3 32. e4 h5 33. Bxf5
Rf3 34. Kd1 Rxb3 35. Ke2 Kg5 36. Kf1 Rb6 37. Kg2 Kf4 38. Rd7 Bh4 39. Rd2 Rb8
40. Rc2 Rb6 41. Rd2 Be7 42. Rd7 Bf6 43. Rd3 Rxb2 1/2-1/2

[Event "Pardubice Open A"]
[Site "?"]
[Date "2015.07.28"]
[Round "5.10"]
[White "ALI MARANDI, Cemil Can"]
[Black "SCHLOSSER, Philipp"]
[Result "1/2-1/2"]
[WhiteElo "2431"]
[BlackElo "2579"]
[PlyCount "74"]
[EventDate "2015.??.??"]
[WhiteClock "0:24:00"]
[BlackClock "0:19:59"]

1. d4 Nf6 2. c4 e6 3. g3 d5 4. Nf3 Be7 5. Bg2 O-O 6. O-O c6 7. Qc2 b6 8. Nbd2
a5 9. Re1 Bb7 10. e4 Na6 11. e5 Nd7 12. cxd5 cxd5 13. a3 Qc7 14. Qxc7 Nxc7 15.
Nf1 Rfc8 16. Bd2 Kf8 17. Ne3 Ke8 18. Rac1 Ba6 19. Bf1 Bxf1 20. Kxf1 Na6 21. a4
Nf8 22. Ke2 Kd7 23. Rxc8 Rxc8 24. Rc1 Rxc1 25. Bxc1 f6 26. h4 h5 27. Ng2 Ng6
28. Nf4 Nxf4+ 29. Bxf4 Nb4 30. Ne1 Nc6 31. Kd3 fxe5 32. Bxe5 Nxe5+ 33. dxe5 Bc5
34. Ke2 Bd4 35. Nd3 Ke7 36. b3 Kf7 37. f3 g6 1/2-1/2

[Event "Pardubice Open A"]
[Site "?"]
[Date "2015.07.28"]
[Round "5.11"]
[White "LINTCHEVSKI, Daniil"]
[Black "ZUMSANDE, Martin"]
[Result "1-0"]
[WhiteElo "2574"]
[BlackElo "2423"]
[PlyCount "125"]
[EventDate "2015.??.??"]
[WhiteClock "0:26:15"]
[BlackClock "0:03:17"]

1. d4 e6 2. c4 Nf6 3. Nf3 c5 4. e3 cxd4 5. exd4 d5 6. Nc3 Bb4 7. cxd5 Nxd5 8.
Bd2 Nc6 9. Bd3 O-O 10. O-O Be7 11. a3 Bf6 12. Qc2 h6 13. Be3 Nce7 14. Bh7+ Kh8
15. Be4 Bd7 16. Nxd5 Nxd5 17. Qd2 Nxe3 18. fxe3 Qb6 19. Rfc1 Rfc8 20. Qb4 Bc6
21. Qxb6 axb6 22. Nd2 Bxe4 23. Nxe4 Be7 24. Kf2 Kg8 25. Ke2 f5 26. Nd2 b5 27.
Nb3 Bd6 28. h3 Kf7 29. Kd3 Ke7 30. Rxc8 Rxc8 31. Rc1 Ra8 32. Nd2 Kd7 33. e4 g5
34. e5 Be7 35. g4 f4 36. Ke4 h5 37. Nf3 hxg4 38. hxg4 b4 39. axb4 Ra4 40. Rc4
Ra2 41. Rc2 Ra4 42. d5 Rxb4+ 43. Nd4 exd5+ 44. Kxd5 f3 45. Nxf3 Rxg4 46. e6+
Ke8 47. Rc8+ Bd8 48. Nd4 Rg2 49. b3 Rf2 50. Ke5 g4 51. Nf5 Re2+ 52. Kf4 Rxe6
53. Ng7+ Kd7 54. Rxd8+ Kxd8 55. Nxe6+ Kd7 56. Nd4 Kd6 57. Nc2 Kd5 58. Kxg4 Ke4
59. Na1 Kd4 60. Kf5 Kc3 61. Ke5 Kb2 62. Kd6 Kxa1 63. b4 1-0

[Event "Pardubice Open A"]
[Site "?"]
[Date "2015.07.28"]
[Round "5.12"]
[White "SELIVERSTOV, Vladimir"]
[Black "STOCEK, Jiri"]
[Result "1-0"]
[WhiteElo "2420"]
[BlackElo "2573"]
[PlyCount "95"]
[EventDate "2015.??.??"]
[WhiteClock "0:20:27"]
[BlackClock "0:18:42"]

1. d4 Nf6 2. c4 e6 3. g3 c5 4. d5 exd5 5. cxd5 d6 6. Nc3 g6 7. Bg2 Bg7 8. Nf3
O-O 9. O-O Re8 10. Bf4 Na6 11. Re1 Bg4 12. e4 c4 13. h3 Bxf3 14. Qxf3 Nh5 15.
Bf1 Rc8 16. Be3 Nf6 17. Bf4 Qb6 18. e5 dxe5 19. Bxe5 Nb8 20. d6 Re6 21. Rad1
Nbd7 22. Bxf6 Rxf6 23. Qg2 Rxd6 24. Nd5 Rxd5 25. Qxd5 Nf6 26. Qd4 Qa6 27. b3
Qxa2 28. Bxc4 b5 29. Ra1 Qc2 30. Rac1 Qf5 31. Bf1 Rxc1 32. Rxc1 h5 33. Rc5 Qb1
34. Qd3 Qe1 35. Rc8+ Kh7 36. Rc7 Qe6 37. Qxb5 Ne8 38. Rxa7 Bd4 39. Ra4 Nd6 40.
Qd3 Bb6 41. Qf3 Nf5 42. Bc4 Qe5 43. Ra6 Qe1+ 44. Kg2 h4 45. g4 Ng3 46. Qxf7+
Kh6 47. Qf8+ Kg5 48. f4# 1-0

[Event "Pardubice Open A"]
[Site "?"]
[Date "2015.07.28"]
[Round "5.13"]
[White "BURMAKIN, Vladimir"]
[Black "ROEDER, Matthias"]
[Result "1-0"]
[WhiteElo "2571"]
[BlackElo "2411"]
[PlyCount "57"]
[EventDate "2015.??.??"]
[WhiteClock "0:36:49"]
[BlackClock "0:23:52"]

1. d4 Nf6 2. Nf3 d5 3. c4 e6 4. g3 dxc4 5. Qa4+ Nbd7 6. Bg2 a6 7. Nc3 Be7 8.
Ne5 O-O 9. Qxc4 Nxe5 10. dxe5 Nd7 11. Qe4 Rb8 12. O-O b5 13. Rd1 c5 14. Bf4 Bb7
15. Qd3 Bxg2 16. Kxg2 Nb6 17. Qf3 Qc7 18. Ne4 Qb7 19. h4 h6 20. g4 Nd5 21. Bg3
Rbd8 22. g5 h5 23. Nf6+ Bxf6 24. gxf6 g6 25. Kh2 Kh7 26. e4 Nb4 27. Bf4 Rd4 28.
Rxd4 cxd4 29. Bd2 1-0

[Event "Pardubice Open A"]
[Site "?"]
[Date "2015.07.28"]
[Round "5.14"]
[White "MOZHAROV, Mikhail"]
[Black "ARAT, Ufuk Sezen"]
[Result "1/2-1/2"]
[WhiteElo "2564"]
[BlackElo "2409"]
[PlyCount "149"]
[EventDate "2015.??.??"]
[WhiteClock "1:07:16"]
[BlackClock "0:03:16"]

1. e4 g6 2. d4 Bg7 3. Nc3 d6 4. Nf3 a6 5. Be2 b5 6. O-O Bb7 7. a3 Nf6 8. e5 Nd5
9. e6 f5 10. Ng5 Qc8 11. Nxd5 Bxd5 12. Bf3 Qb7 13. b3 O-O 14. c4 bxc4 15. bxc4
Bxf3 16. Nxf3 c5 17. Be3 cxd4 18. Bxd4 Bxd4 19. Qxd4 Nc6 20. Qd5 Rab8 21. h4
Ne5 22. Nxe5 Qxd5 23. cxd5 dxe5 24. Rac1 Rfd8 25. Rc7 Kf8 26. Rd1 Rb6 27. Rc5
e4 28. Rdc1 Rbd6 29. Ra5 Rxd5 30. Rxa6 R5d6 31. Rxd6 Rxd6 32. a4 Ra6 33. Rc4
Kg7 34. Kf1 Kf6 35. Ke2 Kxe6 36. Kd2 Kd5 37. Rb4 e5 38. Rb5+ Ke6 39. a5 f4 40.
Rb4 Rxa5 41. Rxe4 Ra1 42. Ke2 Rh1 43. g3 Kf5 44. Ra4 Kg4 45. Re4 Rb1 46. Ra4 h6
47. Rc4 g5 48. hxg5 hxg5 49. gxf4 gxf4 50. Ra4 Rb2+ 51. Kf1 Rd2 52. Kg2 Kf5 53.
Ra5 Ke4 54. Ra4+ Kf5 55. Ra5 Rd3 56. f3 Rd2+ 57. Kf1 Kg5 58. Ra8 Rb2 59. Rf8
Kg6 60. Ke1 Rb6 61. Ke2 Rf6 62. Rh8 Kf5 63. Rh5+ Ke6 64. Kd3 Kd5 65. Rh8 Ra6
66. Rd8+ Ke6 67. Re8+ Kf6 68. Rf8+ Ke7 69. Rb8 Ra4 70. Rb6 Rd4+ 71. Ke2 e4 72.
fxe4 Rxe4+ 73. Kf3 Re6 74. Rxe6+ Kxe6 75. Kxf4 1/2-1/2

[Event "Pardubice Open A"]
[Site "?"]
[Date "2015.07.28"]
[Round "5.15"]
[White "KRAUS, Tomas"]
[Black "BABULA, Vlastimil"]
[Result "1/2-1/2"]
[WhiteElo "2399"]
[BlackElo "2559"]
[PlyCount "24"]
[EventDate "2015.??.??"]
[WhiteClock "1:01:49"]
[BlackClock "0:54:38"]

1. d4 Nf6 2. Nf3 e6 3. e3 d5 4. Bd3 c5 5. b3 b6 6. O-O cxd4 7. exd4 Ba6 8. c4
Be7 9. Bb2 O-O 10. Re1 Bb7 11. Nc3 Nbd7 12. Re3 Ng4 1/2-1/2

[Event "Pardubice Open A"]
[Site "?"]
[Date "2015.07.28"]
[Round "5.17"]
[White "KREJCI, Jan"]
[Black "SKLIAROV, Viktor"]
[Result "1-0"]
[WhiteElo "2500"]
[BlackElo "2368"]
[PlyCount "65"]
[EventDate "2015.??.??"]
[WhiteClock "0:47:47"]
[BlackClock "0:03:06"]

1. d4 Nf6 2. c4 e6 3. Nc3 Bb4 4. e3 b6 5. Nge2 Ne4 6. Qc2 Bb7 7. a3 Bxc3+ 8.
Nxc3 Nxc3 9. Qxc3 d6 10. b4 O-O 11. Bb2 a5 12. b5 Nd7 13. c5 Bd5 14. c6 Nf6 15.
f3 a4 16. Bd3 Nh5 17. O-O-O f5 18. Kb1 Nf6 19. Rde1 Bb3 20. h4 d5 21. h5 Ra5
22. h6 g6 23. Qc1 Bc4 24. Bxc4 dxc4 25. e4 fxe4 26. fxe4 c3 27. Qxc3 Qe7 28.
Qc4 Ne8 29. e5 Ra8 30. Rhf1 Rd8 31. Rxf8+ Qxf8 32. Rf1 Qe7 33. Bc3 1-0

[Event "Pardubice Open A"]
[Site "?"]
[Date "2015.07.28"]
[Round "5.18"]
[White "NASUTA, Grzegorz"]
[Black "TESKE, Henrik"]
[Result "1/2-1/2"]
[WhiteElo "2365"]
[BlackElo "2475"]
[PlyCount "24"]
[EventDate "2015.??.??"]
[WhiteClock "0:51:41"]
[BlackClock "1:03:40"]

1. e4 e6 2. d4 d5 3. Nc3 Bb4 4. e5 Ne7 5. a3 Bxc3+ 6. bxc3 b6 7. Qg4 O-O 8. Bg5
Nd7 9. Bd3 f5 10. exf6 Nxf6 11. Qd1 c5 12. Nf3 c4 1/2-1/2

[Event "Pardubice Open A"]
[Site "?"]
[Date "2015.07.28"]
[Round "5.20"]
[White "LOMASOV, Semen"]
[Black "JANSA, Vlastimil"]
[Result "1/2-1/2"]
[WhiteElo "2342"]
[BlackElo "2457"]
[PlyCount "70"]
[EventDate "2015.??.??"]
[WhiteClock "0:09:07"]
[BlackClock "0:02:18"]

1. e4 c5 2. Nc3 Nc6 3. Bb5 Nd4 4. Bc4 Nf6 5. Nge2 e6 6. O-O a6 7. a4 d5 8. exd5
exd5 9. Ba2 Be7 10. d3 Bg4 11. f3 Nxe2+ 12. Nxe2 Bd7 13. c3 O-O 14. d4 Re8 15.
Kh1 h6 16. Nf4 Bc6 17. Nd3 cxd4 18. cxd4 Bd6 19. Bf4 Bxf4 20. Nxf4 Qb6 21. Qd2
Bxa4 22. Nxd5 Nxd5 23. Bxd5 Bb3 24. Bxb3 Qxb3 25. h3 Re7 26. Rfe1 Rd7 27. Re4
Rad8 28. Rae1 Qc4 29. Qc3 Qxc3 30. Re8+ Rxe8 31. Rxe8+ Kh7 32. bxc3 Kg6 33. Rc8
Kf6 34. Kg1 Ke6 35. Kf2 Kd6 1/2-1/2

[Event "Pardubice Open A"]
[Site "?"]
[Date "2015.07.28"]
[Round "5.21"]
[White "KONGUVEL, Ponnuswamy"]
[Black "VALSECCHI, Alessio"]
[Result "1-0"]
[WhiteElo "2337"]
[BlackElo "2457"]
[PlyCount "77"]
[EventDate "2015.??.??"]
[WhiteClock "0:10:04"]
[BlackClock "0:53:28"]

1. e4 e5 2. Nf3 Nc6 3. Bb5 a6 4. Ba4 Nf6 5. O-O b5 6. Bb3 Bc5 7. a4 Rb8 8. c3
d6 9. d4 Bb6 10. axb5 axb5 11. Qd3 O-O 12. Bg5 Bg4 13. Nbd2 exd4 14. cxd4 h6
15. Bh4 g5 16. e5 gxh4 17. Qg6+ Kh8 18. Qxh6+ Nh7 19. Bc2 f5 20. exf6 Rf7 21.
Ng5 Qxf6 22. Nxf7+ Qxf7 23. Bxh7 Qxh7 24. Qf6+ Kg8 25. Qg5+ Qg7 26. Qd5+ Kh8
27. Qxc6 Rg8 28. Ra8 Bc8 29. Nb3 Qf7 30. Qe4 h3 31. Rxc8 Rxc8 32. Qg4 Rg8 33.
Qxh3+ Qh7 34. Qxh7+ Kxh7 35. Re1 Rg4 36. h3 Rh4 37. Kh2 c5 38. Re7+ Kg8 39. Rb7
1-0

[Event "Pardubice Open A"]
[Site "?"]
[Date "2015.07.28"]
[Round "5.22"]
[White "MICHENKA, Jozef"]
[Black "GOLUBOV, Saveliy"]
[Result "0-1"]
[WhiteElo "2323"]
[BlackElo "2446"]
[PlyCount "98"]
[EventDate "2015.??.??"]
[WhiteClock "0:22:56"]
[BlackClock "0:55:54"]

1. d4 Nf6 2. c4 g6 3. Nc3 Bg7 4. e4 d6 5. Bd3 O-O 6. Nge2 c5 7. d5 e6 8. O-O
exd5 9. exd5 Ng4 10. b3 Re8 11. Bf4 Ne5 12. Bc2 Na6 13. a3 Nc7 14. Qd2 a6 15.
a4 b6 16. Bg5 Bf6 17. Bxf6 Qxf6 18. Ng3 Qd8 19. Rfe1 f5 20. f4 Nd7 21. Rxe8+
Qxe8 22. Re1 Qf8 23. Bd3 Qf6 24. Bf1 Rb8 25. Nh1 Nf8 26. Nf2 Bd7 27. Qc2 b5 28.
a5 bxc4 29. bxc4 Rb4 30. g3 h6 31. Bd3 g5 32. Rb1 gxf4 33. gxf4 Rxb1+ 34. Nxb1
Ng6 35. Qd2 Qd4 36. Bf1 Qxf4 37. Qb2 Ne5 38. Qb3 Kf7 39. Qb7 Ne8 40. Qb3 Nf6
41. Be2 Ne4 42. Nxe4 fxe4 43. Qd1 Bh3 44. Qe1 Nf3+ 45. Bxf3 exf3 46. Nd2 Qd4+
47. Qf2 Qa1+ 48. Nf1 Bg2 49. h4 h5 0-1

[Event "Pardubice Open A"]
[Site "?"]
[Date "2015.07.28"]
[Round "5.23"]
[White "DAS, Sayantan"]
[Black "KUTYNEC, Vladimir"]
[Result "1-0"]
[WhiteElo "2444"]
[BlackElo "2310"]
[PlyCount "57"]
[EventDate "2015.??.??"]
[WhiteClock "0:16:59"]
[BlackClock "0:16:14"]

1. e4 e6 2. d4 d5 3. Nc3 Nf6 4. e5 Nfd7 5. Nce2 c5 6. c3 f5 7. Nf4 Qe7 8. Nf3
cxd4 9. cxd4 Nb6 10. h4 Nc6 11. a3 Bd7 12. Be2 O-O-O 13. b4 Kb8 14. Qb3 Rc8 15.
Be3 Nd8 16. b5 Nc4 17. O-O Nxe3 18. Qxe3 Nf7 19. Nd3 g5 20. hxg5 Rg8 21. Nc5 h6
22. g6 Rxg6 23. Rfc1 h5 24. Qb3 Bh6 25. b6 a6 26. Qb4 Qd8 27. Qa5 Bxc1 28.
Nxa6+ bxa6 29. Qxa6 1-0

[Event "Pardubice Open A"]
[Site "?"]
[Date "2015.07.28"]
[Round "5.24"]
[White "YURTSEVEN, Melih"]
[Black "DEAC, Bogdan-Daniel"]
[Result "0-1"]
[WhiteElo "2299"]
[BlackElo "2443"]
[PlyCount "64"]
[EventDate "2015.??.??"]
[WhiteClock "0:02:55"]
[BlackClock "0:00:57"]

1. e4 c5 2. Nf3 e6 3. d4 cxd4 4. Nxd4 a6 5. Nc3 Qc7 6. g3 Bb4 7. Bd2 Nf6 8. Bg2
O-O 9. O-O Be7 10. Qe2 d6 11. Nb3 Nc6 12. f4 Re8 13. Rae1 Nd7 14. g4 b5 15. a3
Rb8 16. g5 Bf8 17. Qh5 g6 18. Qh4 b4 19. Nd1 bxa3 20. bxa3 a5 21. Re3 a4 22.
Nc1 Ba6 23. Nd3 Nd4 24. Bc3 Bg7 25. Nb4 Bxf1 26. Bxf1 Rxb4 27. axb4 a3 28. Rh3
a2 29. f5 Nf3+ 30. Rxf3 Bxc3 31. Nxc3 a1=Q 32. Rh3 h5 0-1

[Event "Pardubice Open A"]
[Site "?"]
[Date "2015.07.28"]
[Round "5.25"]
[White "MINKO, Vladimir"]
[Black "KOLOSOWSKI, Mateusz"]
[Result "1/2-1/2"]
[WhiteElo "2226"]
[BlackElo "2437"]
[PlyCount "43"]
[EventDate "2015.??.??"]
[WhiteClock "0:11:44"]
[BlackClock "0:15:42"]

1. d4 Nf6 2. c4 g6 3. g3 c6 4. Bg2 d5 5. e3 dxc4 6. Ne2 e5 7. O-O exd4 8. Qxd4
Qxd4 9. Nxd4 Bc5 10. a4 Bxd4 11. exd4 Be6 12. Na3 O-O 13. Bg5 Kg7 14. Rac1 Rd8
15. Rfd1 h6 16. Be3 Bd5 17. Bf4 Na6 18. Be5 Nb4 19. Nxc4 Na2 20. Rc2 Nb4 21.
Rc3 Na2 22. Rc2 1/2-1/2

[Event "Pardubice Open A"]
[Site "?"]
[Date "2015.07.28"]
[Round "5.26"]
[White "STEINBERG, Nitzan"]
[Black "SHEVCHENKO, Kirill"]
[Result "1/2-1/2"]
[WhiteElo "2435"]
[BlackElo "2270"]
[PlyCount "73"]
[EventDate "2015.??.??"]
[WhiteClock "0:16:18"]
[BlackClock "0:02:33"]

1. e4 c5 2. Nf3 d6 3. d4 cxd4 4. Nxd4 Nf6 5. Nc3 a6 6. Be2 e5 7. Nb3 Be7 8. Qd3
O-O 9. O-O Be6 10. Nd5 Nbd7 11. Rd1 Bxd5 12. exd5 Qc7 13. Be3 Rac8 14. c4 a5
15. Rac1 b6 16. Nd2 Nc5 17. Qc2 Nfd7 18. Nb1 f5 19. Nc3 e4 20. Nb5 Qd8 21. Na7
Rc7 22. Nc6 Qe8 23. f4 exf3 24. Bxf3 Bf6 25. Re1 Ne5 26. Nxe5 Bxe5 27. Re2 Qg6
28. b3 f4 29. Qxg6 hxg6 30. Bd2 Re7 31. Kf1 Kf7 32. Rd1 Rfe8 33. Be1 g5 34. Bf2
Bc3 35. Rxe7+ Rxe7 36. Bg4 a4 37. Bxc5 1/2-1/2

[Event "Pardubice Open A"]
[Site "?"]
[Date "2015.07.28"]
[Round "5.27"]
[White "KRYAKVIN, Dmitry"]
[Black "BARAEVA, Irina"]
[Result "1-0"]
[WhiteElo "2529"]
[BlackElo "2122"]
[PlyCount "65"]
[EventDate "2015.??.??"]
[WhiteClock "0:11:27"]
[BlackClock "0:08:06"]

1. c4 e5 2. Nc3 Nf6 3. Nf3 Nc6 4. a3 a5 5. e3 d6 6. d4 exd4 7. exd4 Bg4 8. Be2
g6 9. O-O Bg7 10. h3 Bxf3 11. Bxf3 O-O 12. Be3 Qd7 13. Re1 h6 14. Qa4 Kh7 15.
Rad1 Ra6 16. Kh1 Ng8 17. Nd5 Re8 18. Qb5 Qc8 19. Re2 Nge7 20. g4 Nxd5 21. cxd5
Nb8 22. Rc2 Re7 23. Rdc1 Ra7 24. Qb6 Qxg4 25. hxg4 cxb6 26. Rc8 Na6 27. Rd8 Nc7
28. Rxd6 Nb5 29. Rxb6 Nxd4 30. d6 Rd7 31. Rc7 Rd8 32. Bxb7 Kg8 33. Bd5 1-0

[Event "Pardubice Open A"]
[Site "?"]
[Date "2015.07.28"]
[Round "5.28"]
[White "KOVALEV, Andrei"]
[Black "BILGUUN, Sumiya"]
[Result "1-0"]
[WhiteElo "2491"]
[BlackElo "2361"]
[PlyCount "227"]
[EventDate "2015.??.??"]
[WhiteClock "0:05:14"]
[BlackClock "0:15:22"]

1. e4 c5 2. Nf3 e6 3. d4 cxd4 4. Nxd4 a6 5. Bd3 Qc7 6. O-O Nf6 7. Qe2 d6 8. f4
Nbd7 9. Kh1 Be7 10. c4 b6 11. Nc3 Bb7 12. Bd2 O-O 13. Rae1 Rad8 14. Nf3 Nc5 15.
Bc2 g6 16. b4 Ncd7 17. f5 exf5 18. exf5 Rfe8 19. fxg6 hxg6 20. Bxg6 Bf8 21.
Bxf7+ Kxf7 22. Ng5+ Kg7 23. Qe6 Bxg2+ 24. Kxg2 Qc6+ 25. Kg1 Rxe6 26. Nxe6+ Kg6
27. Nxd8 Qxc4 28. Ne6 Bh6 29. Nf4+ Bxf4 30. Rxf4 Qd3 31. Re2 d5 32. Ref2 Kf7
33. R4f3 Qg6+ 34. Rg3 Qh5 35. Rg5 Qh7 36. Nxd5 Ke6 37. Re2+ Kd6 38. Bf4+ Kc6
39. Ne7+ Kb7 40. Nf5 Nd5 41. Bg3 Ka8 42. Re8+ Ka7 43. Bb8+ Kb7 44. Bg3 Ka7 45.
Rd8 N5f6 46. Be5 Nh5 47. Rh8 Qf7 48. Rgxh5 Qxa2 49. R8h7 Qb1+ 50. Kf2 Qc2+ 51.
Kg3 Qd3+ 52. Kg4 a5 53. bxa5 Ka6 54. Rxd7 Qxd7 55. axb6 Qd1+ 56. Kg5 Qg1+ 57.
Bg3 Qc1+ 58. Kg6 Qc6+ 59. Nd6 Qc2+ 60. Rf5 Kxb6 61. Nf7 Kc6 62. Ne5+ Kc7 63.
Kf6 Qb2 64. Rf2 Qb6+ 65. Kg7 Qd4 66. Rf4 Qa1 67. Rf6 Kd8 68. Re6 Qg1 69. Nf7+
Kd7 70. Rf6 Ke7 71. Rg6 Qf1 72. Bh4+ Ke8 73. Re6+ Kd7 74. Rd6+ Kc8 75. Rd8+ Kb7
76. Bg3 Qg2 77. Rd7+ Kc6 78. Ne5+ Kc5 79. Nd3+ Kc4 80. Ne5+ Kc5 81. Rf7 Kd5 82.
Rf2 Qh3 83. Ng6 Qd7+ 84. Rf7 Qg4 85. Rf6 Qd7+ 86. Kh6 Qh3+ 87. Kg5 Ke4 88. Rf4+
Ke3 89. Nh4 Qc8 90. Nf5+ Kd3 91. Rf3+ Ke2 92. Nd4+ Kd2 93. Bf4+ Ke1 94. Bg3+
Kd2 95. Bf4+ Ke1 96. Nf5 Ke2 97. Re3+ Kf1 98. Kg4 Qg8+ 99. Bg5 Qc4+ 100. Kg3
Qc7+ 101. Bf4 Qd7 102. Rf3+ Ke1 103. Ne3 Ke2 104. Rf2+ Kd3 105. Ng4 Qc8 106. h4
Ke4 107. Re2+ Kf5 108. Re5+ Kg6 109. h5+ Kf7 110. Bg5 Qc3+ 111. Kh4 Qa1 112.
Rf5+ Kg8 113. Nh6+ Kh8 114. Rf8+ 1-0

[Event "Pardubice Open A"]
[Site "?"]
[Date "2015.07.28"]
[Round "5.29"]
[White "HABA, Petr"]
[Black "KOZLITIN, Oleg"]
[Result "1/2-1/2"]
[WhiteElo "2488"]
[BlackElo "2352"]
[PlyCount "40"]
[EventDate "2015.??.??"]
[WhiteClock "0:36:52"]
[BlackClock "0:31:29"]

1. d4 Nf6 2. c4 g6 3. Nc3 Bg7 4. e4 d6 5. f3 O-O 6. Be3 Nc6 7. Nge2 a6 8. Qd2
Re8 9. Rc1 Bd7 10. b3 Rb8 11. g3 b5 12. cxb5 axb5 13. Bg2 e5 14. dxe5 Nxe5 15.
O-O b4 16. Na4 Bxa4 17. bxa4 c5 18. Rfd1 b3 19. axb3 Rxb3 20. Bxc5 Nxf3+
1/2-1/2

[Event "Pardubice Open A"]
[Site "?"]
[Date "2015.07.28"]
[Round "5.30"]
[White "NGUYEN, Thai Dai Van"]
[Black "LALIC, Bogdan"]
[Result "1/2-1/2"]
[WhiteElo "2349"]
[BlackElo "2480"]
[PlyCount "34"]
[EventDate "2015.??.??"]
[WhiteClock "1:13:15"]
[BlackClock "1:21:25"]

1. e4 c5 2. Nf3 e6 3. d4 cxd4 4. Nxd4 Nc6 5. Nc3 Qc7 6. Be2 Nf6 7. Be3 a6 8. a3
Be7 9. f4 d6 10. g4 e5 11. Nxc6 bxc6 12. g5 Nd7 13. f5 h6 14. gxh6 Bh4+ 15. Kd2
gxh6 16. Bc4 Nf6 17. Qf3 Bg5 1/2-1/2

[Event "Pardubice Open A"]
[Site "?"]
[Date "2015.07.28"]
[Round "5.31"]
[White "YUFFA, Daniil"]
[Black "GUTENEV, Alexander"]
[Result "1/2-1/2"]
[WhiteElo "2474"]
[BlackElo "2349"]
[PlyCount "74"]
[EventDate "2015.??.??"]
[WhiteClock "0:01:59"]
[BlackClock "0:02:37"]

1. g3 Nf6 2. Bg2 d5 3. Nf3 g6 4. O-O Bg7 5. d3 O-O 6. Nbd2 c5 7. e4 Nc6 8. c3
e5 9. Re1 dxe4 10. dxe4 Qc7 11. Qc2 Be6 12. Nf1 Rad8 13. Bg5 Bc4 14. Qc1 Rd7
15. Bh3 Be6 16. Bxe6 fxe6 17. Bxf6 Rxf6 18. Nh4 c4 19. Qc2 b5 20. Ne3 Na5 21.
Qe2 a6 22. Red1 Rff7 23. Nf3 Nb7 24. Ng5 Rfe7 25. Rxd7 Qxd7 26. b4 cxb3 27.
axb3 Qc6 28. b4 h6 29. Nf3 Qxc3 30. Rxa6 Qxb4 31. Ng4 Qc3 32. Ra8+ Kh7 33. Ng5+
hxg5 34. Qf1 Bh6 35. Qh3 Qe1+ 36. Kg2 Qxe4+ 37. Kg1 Qe1+ 1/2-1/2

[Event "Pardubice Open A"]
[Site "?"]
[Date "2015.07.28"]
[Round "5.32"]
[White "YAGUPOV, Igor"]
[Black "NEUMAN, Petr"]
[Result "1/2-1/2"]
[WhiteElo "2342"]
[BlackElo "2470"]
[PlyCount "46"]
[EventDate "2015.??.??"]
[WhiteClock "0:45:58"]
[BlackClock "0:53:31"]

1. e4 d6 2. d4 Nf6 3. Nc3 e5 4. Nf3 Nbd7 5. Bc4 Be7 6. a4 O-O 7. O-O c6 8. Re1
a5 9. h3 Nb6 10. Bb3 Nfd7 11. Be3 exd4 12. Nxd4 Nc5 13. Qf3 Nxb3 14. cxb3 Nd7
15. Rad1 Ne5 16. Qe2 Bf6 17. f4 Ng6 18. Qf2 Qc7 19. Nf3 Re8 20. Nd2 Bxc3 21.
bxc3 b5 22. f5 Ne5 23. Nf3 f6 1/2-1/2

[Event "Pardubice Open A"]
[Site "?"]
[Date "2015.07.28"]
[Round "5.33"]
[White "SANDERS, Isaac B"]
[Black "NARAYANAN, Srinath"]
[Result "1/2-1/2"]
[WhiteElo "2338"]
[BlackElo "2464"]
[PlyCount "79"]
[EventDate "2015.??.??"]
[WhiteClock "0:01:21"]
[BlackClock "0:44:43"]

1. e4 c5 2. Nc3 d6 3. g3 g6 4. Bg2 Bg7 5. d3 Nc6 6. f4 e6 7. Nf3 Nge7 8. O-O
O-O 9. Be3 Nd4 10. Rb1 Qa5 11. a3 Rb8 12. Ne2 Nxe2+ 13. Qxe2 b5 14. b4 cxb4 15.
axb4 Qc7 16. Qf2 a5 17. bxa5 Qxa5 18. Ba7 Rb7 19. Bd4 Bxd4 20. Nxd4 e5 21. Nb3
Qa7 22. d4 Rc7 23. fxe5 dxe5 24. d5 Qxf2+ 25. Rxf2 Rd8 26. Nc1 f5 27. Rxb5 fxe4
28. Bxe4 Bf5 29. Bxf5 Nxf5 30. Nb3 Ne3 31. Re2 Rc3 32. Rc5 Rxc5 33. Nxc5 Rxd5
34. Ne4 Rd1+ 35. Kf2 Nc4 36. Ng5 Rc1 37. Nf3 Kg7 38. Ne1 Kf6 39. Re4 Na3 40.
Rxe5 1/2-1/2

[Event "Pardubice Open A"]
[Site "?"]
[Date "2015.07.28"]
[Round "5.34"]
[White "BRYZGALIN, Kirill"]
[Black "KOTLYAR, Kirill"]
[Result "1/2-1/2"]
[WhiteElo "2459"]
[BlackElo "2330"]
[PlyCount "39"]
[EventDate "2015.??.??"]
[WhiteClock "1:01:33"]
[BlackClock "1:13:44"]

1. c4 Nf6 2. Nc3 d5 3. cxd5 Nxd5 4. g3 g6 5. Bg2 Nxc3 6. bxc3 Bg7 7. h4 h6 8.
Rb1 c6 9. Nf3 O-O 10. Qa4 e5 11. O-O Re8 12. d3 Qc7 13. Nd2 Be6 14. c4 f5 15.
Qb3 b6 16. Qa4 Rc8 17. Ba3 Nd7 18. Rfd1 Rab8 19. Rbc1 Bf7 20. e3 1/2-1/2

[Event "Pardubice Open A"]
[Site "?"]
[Date "2015.07.28"]
[Round "5.35"]
[White "RUFF, Maximilian"]
[Black "MESKOVS, Nikita"]
[Result "0-1"]
[WhiteElo "2336"]
[BlackElo "2457"]
[PlyCount "78"]
[EventDate "2015.??.??"]
[WhiteClock "0:12:05"]
[BlackClock "0:45:23"]

1. e4 Nf6 2. e5 Nd5 3. d4 d6 4. c4 Nb6 5. exd6 exd6 6. Bd3 Be7 7. h3 O-O 8. Nf3
Bf6 9. O-O Nc6 10. Nc3 Re8 11. Be3 d5 12. c5 Nc4 13. Bxc4 dxc4 14. Qa4 Be6 15.
Rfd1 Ne7 16. Bg5 Nd5 17. Bd2 Nxc3 18. Bxc3 Qd5 19. Ne5 Bxe5 20. dxe5 Qxc5 21.
Rd2 a5 22. Qd1 b5 23. a3 Qb6 24. Rd4 c5 25. Rd6 Qb7 26. Qh5 b4 27. axb4 axb4
28. Rxa8 Qxa8 29. Bd2 Qa1+ 30. Kh2 Qxb2 31. Qg5 h6 32. Qg3 Kh7 33. Bf4 Qc2 34.
Qe3 c3 35. Qxc5 b3 36. Qc6 Rc8 37. Qb7 b2 38. Rb6 Rc4 39. Be3 Qe4 0-1